00361nam a22001217a 450000500170000000800410001704100120005808200120007024500510008226000590013330000230019265000240021520231030082656.0231030b |||||||| |||| 00| 0 eng d aEnglish a700 SOM aSome essays on the cultural life in Namibia / aWindhoek : bMinistry of Education and Culture, c1991 b42 pages ;c22 cm. alegal practicebLaw